000
00348 a2200157 4500
001
58123
020
_a
8571648433
040
_c
Anchieta - Pituba
100
_a
Pessoa, Fernando
240
1
0
_a
Ficções do interlúdio
_l
por
245
1
0
_a
Ficções do interlúdio
300
_a
274
362
0
_a
1998
650
4
_a
Poesia portuguesa
942
_c
BK
999
_c
58123
_d
58123